Labour, Feminism & Ethnicity in Sri Lanka: (Record no. 5874)
[ view plain ]
| 000 -LEADER | |
|---|---|
| fixed length control field | 00414nam a22001577a 4500 |
| 005 - DATE AND TIME OF LATEST TRANSACTION | |
| control field | 20240430020549.0 |
| 008 - FIXED-LENGTH DATA ELEMENTS--GENERAL INFORMATION | |
| fixed length control field | 240430b |||||||| |||| 00| 0 eng d |
| 020 ## - INTERNATIONAL STANDARD BOOK NUMBER | |
| ISBN | 9789557743035 |
| 082 ## - DDC Classification | |
| DDC Edition Number | 22 |
| Class No. | 331 |
| 100 ## - MAIN ENTRY--PERSONAL NAME | |
| Personal name | Jayawardena, Kumari |
| 245 ## - TITLE STATEMENT | |
| Title | Labour, Feminism & Ethnicity in Sri Lanka: |
| Statement of responsibility, etc. | Kumari, Jayawardena |
| 260 ## - PUBLICATION, DISTRIBUTION, ETC. | |
| Place of publication, distribution, etc. | Colombo |
| Name of publisher, distributor, etc. | Sailfish |
| Date of publication, distribution, etc. | 2017 |
| 300 ## - PHYSICAL DESCRIPTION | |
| Extent (e.g. Volumes, Pages etc.) | 352, p ., |
| 650 ## - SUBJECT ADDED ENTRY--TOPICAL TERM | |
| Topical term or geographic name entry element | Feminism |
| 942 ## - Koha item type (Biblio) | |
| Koha item type | Books in Stacks (Lending) |
| Lost status | Damaged status | Collection code | Home library | Current library | Date acquired | Full call number | Accession Number | Item type |
|---|---|---|---|---|---|---|---|---|
| Lending | WERC Library | WERC Library | 04/30/2024 | 331 | 7054 | Books in Stacks (Lending) |
